[Event "South Wales Winter Open"]
[Site "?"]
[Date "2025.01.18"]
[Round "2.13"]
[White "Van Kemenade, Julie"]
[Black "Shevchenko, Danylo"]
[Result "0-1"]
[Annotator "Van Kemenade,Rudy"]
[WhiteElo "1808"]
[BlackElo "1727"]
[PlyCount "108"]
[GameId "2149921642840170"]
[EventDate "2025.01.21"]

{[%evp 0,56,11,12,-13,21,11,14,21,22,15,0,20,11,17,60,30,28,-12,34,34,35,8,27,37,64,31,3,97,32,31,49,-18,35,25,2,-34,11,6,0,-34,-16,-9,-20,-8,-24,-36,-62,-57,-87,-102,-414,-241,-359,-378,-532,-584,-602,-837]} 1. e4 e5 2. Nf3 Nc6 3. Bb5 Nf6 4. d3 d6 5. h3 (5. c3) (5. c4) 5... Be7 6. O-O O-O 7. Re1 (7. c3) 7... h6 (7... a6 8. Bxc6 bxc6 9. d4) 8. Nbd2 (8. c3) 8... Bd7 9. c3 (9. Nf1 {1-1-1}) 9... Nh7 10. Nf1 {Cloud Engines, main} (10. d4 Nxd4 11. Bxd7 Nxf3+ 12. Nxf3 Qxd7 13. Nxe5 $11 {2 draws, 1 Bl win}) 10... f5 11. Bc4+ (11. exf5 Bxf5 12. Ng3 Qd7 (12... Bd7 13. d4 (13. Ba4 {SF17}) 13... exd4 14. cxd4 Bf6 15. Qd3 (15. Bd3 $18) 15... Kh8 16. Bc4 Bh4 17. Nxh4 Qxh4 18. Re4 Qf6 19. Rf4 Qe7 20. Re4 Qf6 21. Rf4 Qd8 22. Nh5 $16 {Haack-Hochreiner, Pinneberg ch 1998,1-0} (22. Bb3 $18)) (12... Bg6 13. d4 exd4 14. Bxc6 bxc6 15. Nxd4 Qd7 16. Nxc6 Bf6 17. Ne5 Bxe5 18. Rxe5 $16 {SF17}) 13. d4 $18 {Potrykus-Guetschow, Schleswig-Holstein ch qual 1995,1-0}) 11... Kh8 $11 12. exf5 Bxf5 13. Ne3 (13. Ng3 Bg6 14. b4 $11 {SF17}) 13... Ng5 14. Nxg5 (14. Nxf5 Rxf5 15. Bxg5 Bxg5 16. Bd5 $18 {SF17}) 14... Bxg5 15. Nxf5 Rxf5 16. Be6 (16. Bd5 $14) 16... Rf8 17. Qg4 (17. Bd5) 17... Bxc1 18. Raxc1 Rf4 19. Qg3 $11 Qf6 20. Bb3 (20. Rc2 Ne7 21. Rce2 Rf8 22. Bg4 $11 {SF17}) 20... Rf8 21. Re2 (21. Rc2 Ne7 22. Re4 Ng6 23. Rxf4 Nxf4 24. Kh2 $11 {SF17}) 21... Ne7 $17 22. Qe3 (22. f3 Ng6 23. Rf1 Rf5 24. Qe1 Nf4 25. Rd2 Rh5 26. d4 d5 $17 {SF17}) 22... c5 (22... Nf5 $1 23. Qd2 (23. Qxa7 Nh4 24. Kh1 Rf3 25. Bd5 Nxg2 26. Kxg2 Qg5+ (26... c6) 27. Kh2 Qf4+ 28. Kg2 c6 29. Bxf3 Qxf3+ 30. Kg1 Qxe2 $19) 23... Nh4 24. f3 Rxf3 25. Bd5 Rf1+ 26. Rxf1 Qxf1+ 27. Kh2 c6 28. Re1 Qf2 29. Re2 Qf6 30. Bb3 Qf1 31. d4 e4 32. Be6 d5 33. Bg4 Kh7 $19 {SF17}) 23. Bc2 (23. Qd2 d5 24. f3 Qd6 25. Rce1 Ng6 26. d4 cxd4 27. Bc2 dxc3 28. bxc3 R4f6 29. Bxg6 Rxg6 30. Qd3 (30. Rxe5 Rxf3 $15) 30... Re6 31. Qb5 Rf7 32. c4 Rd7 33. cxd5 Qxd5 34. a4 Qxb5 35. axb5 Rd5 36. Ra1 Rxb5 37. Rxa7 $11 {SF17}) 23... Nf5 $19 24. Qd2 Nh4 25. Qe1 (25. f3 Rxf3) (25. Kh2 Qf5 26. Rg1 Rxf2) 25... Qg5 (25... Nxg2 26. Kxg2 Qg5+ 27. Kh2 Rf3 28. Bb3 Qf4+ 29. Kg1 (29. Kg2 Rf6 30. Be6 Rg6+ 31. Kf1 Qh2) 29... Rxh3 30. Re3 Qh2+ 31. Kf1 Rff3 32. Rc2 Rxe3 33. fxe3 Qh1+ 34. Ke2 Qf3+ (34... Rxe3+ 35. Kxe3 Qxe1+) 35. Kd2 Rh2+ 36. Kc1 Rh1 37. Re2 Rxe1+ 38. Rxe1 g5 $19 {SF17}) 26. Qf1 Rf3 27. Kh1 (27. Rce1 Rxh3 28. Re3 Nf3+ 29. Rxf3 Rhxf3) 27... Nxg2 28. Qxg2 Qxc1+ 29. Kh2 Qf4+ 30. Kg1 a6 (30... Rf5 $19 {SF17}) (30... d5) 31. d4 Qg5 32. Qxg5 hxg5 33. dxe5 dxe5 34. Kg2 (34. Be4 Rxh3 35. Bxb7) 34... R3f4 35. Be4 b6 36. f3 Rd8 37. Kg3 Kg8 38. Bg6 Rd6 39. Be4 Kf7 40. Kf2 g6 (40... Rh4 {SF17}) 41. Kg3 Kg7 42. Kg2 Rf8 43. Kg3 Rfd8 44. Kg4 Kf6 45. Bxg6 Kxg6 (45... Rd2 $1 {SF17} 46. Rxd2 Rxd2 47. Be4 Rg2+ 48. Kh5 Rxb2 $19) 46. Rxe5 Rd5 47. Re6+ Kf7 48. Re4 R8d6 49. f4 Kf6 50. Re8 gxf4 51. Rf8+ Ke7 52. Rxf4 Rd2 53. h4 Rg6+ 54. Kf5 Rf6+ 0-1

[Event "South Wales Winter Open"]
[Site "?"]
[Date "2025.01.18"]
[Round "3.8"]
[White "Van Kemenade, Rudy"]
[Black "Morgans, Justin"]
[Result "1-0"]
[Annotator "Van Kemenade,Rudy"]
[WhiteElo "1940"]
[BlackElo "1737"]
[PlyCount "129"]
[GameId "2149921642844267"]
[EventDate "2025.01.21"]

{[%evp 0,94,17,22,-10,3,-11,-20,7,10,8,22,11,9,34,35,34,20,27,24,38,17,54,-31,40,43,49,46,42,42,73,75,35,84,79,75,91,113,72,55,62,16,1,0,-12,-30,-13,-54,-7,-68,-22,108,1,-42,-1,-37,19,53,0,15,-30,-33,-42,36,-39,-247,-82,-10,-3,-6,-10,-2,0,2,8,2,-2,0,-1,0,1,-1,1,-1,1,-1,1,-1,1,-1,0,1,31,-10,81,88,264]} 1. e4 e5 2. Bc4 Nf6 (2... Be7 3. Nf3 Nc6 4. O-O Nf6 5. Re1 O-O 6. d4 exd4 7. Nxd4 Ne5 8. Bb3 d6 9. Nc3 Bg4 10. Nde2 c5 11. Bf4 Ng6 12. Qd2 a6 13. a4 Re8 {Richards-Morgans, S Wales Winter Open 2024,0-1}) 3. d3 Be7 4. Nf3 d6 5. O-O O-O 6. Re1 b6 $146 {weakens the white squares} (6... c6) 7. a4 a5 8. Nbd2 Bb7 (8... Be6 $11) 9. Nf1 Nbd7 10. h3 (10. c3 Nc5 11. Be3 Ba6 12. Bxa6 Rxa6 13. Ng3 $14 {SF17}) 10... Ba6 11. Bxa6 (11. Ba2 Nc5 12. Ng3 Qd7 13. Bb1 Ne6 14. c3 Bb7 15. d4 exd4 16. Nxd4 $14 {SF17}) 11... Rxa6 12. d4 (12. g4 h6 13. Ng3 $14 {SF17}) 12... Ra8 13. Ng3 Re8 14. c3 c5 (14... Bf8 15. d5 g6 16. Be3 Bg7 $11 {SF17}) 15. dxe5 (15. d5 c4 16. Qe2 Qc7 17. Nf5 Bf8 18. g4 g6 19. Ng3 Rec8 20. g5 Ne8 21. Be3 Ng7 22. h4 $16 {SF17}) 15... Nxe5 16. Nxe5 (16. Nf5 g6 17. Nh6+ Kg7 18. Ng5 Qb8 19. f4 Ng8 20. Nf5+ gxf5 21. fxe5 Bxg5 22. Bxg5 dxe5 23. exf5 f6 24. Bh4 $14 {SF17}) 16... dxe5 17. Qf3 {hoping for something on the K side} (17. Qe2 h6 18. Be3 Qc7 19. Qc4 Red8 20. Red1 Ne8 21. Nf5 Nd6 22. Nxd6 Rxd6 $11 {SF17}) 17... c4 (17... g6 18. Bg5 Nd7 19. Bh6 Bg5 20. Bxg5 Qxg5 21. Nf1 Qe7 22. Ne3 Nf6 23. Nc4 Qe6 24. Qe2 Rab8 $14 {SF17}) 18. Nf5 {SF17} (18. Rd1 {pm analysis suggestion} Qc7 19. Nf5 $16 Bf8 20. Nh6+ {SF17} (20. Bg5 Re6 21. Nh6+ {SF17} Kh8 22. Rd2 Be7 23. Nf5 g6 24. Nxe7 Qxe7 25. Rad1 Kg7 26. Qe3 $16) 20... Kh8 21. Bg5 Re6 22. Rd2 $16 {SF17}) 18... Qd3 (18... Bf8) 19. Re3 (19. Bg5 Qxf3 20. gxf3 Ra7 (20... Rad8 21. Rad1 Kf8 22. Kf1 $18 (22. Bxf6 Bxf6 23. Nd6 Re6 24. Nxc4 $18)) 21. Bxf6 Bxf6 22. Nd6 $18) (19. Be3 Bf8 (19... Qxe4 20. Qxe4 Nxe4 21. Bxb6 Bc5 22. Rxe4 Bxb6 23. Nd6 Re6 24. Nxc4 $18) 20. Nh6+ $18) (19. Qxd3 cxd3 20. Bg5 h6 21. Bxf6 Bxf6 22. Rad1 Rad8 23. Re3 d2 24. Re2 {pm analysis} Bg5 {SF17} 25. h4 Bf4 26. g3 g6 27. Kg2 gxf5 28. exf5 Bxg3 29. fxg3 e4 30. Rexd2 Rxd2+ 31. Rxd2 Re5 32. f6 Re6 33. Rf2 e3 34. Re2 $18) 19... Qc2 (19... Qd7 20. Re1 $16 {SF17}) 20. Qg3 (20. Re1 Bc5 (20... Qd3 21. Bg5) 21. Bh6 Qxf2+ 22. Qxf2 Bxf2+ 23. Kxf2 gxh6 24. Rad1 (24. Nxh6+ Kf8 25. Rad1 Rad8 $16) 24... h5 25. Ke3 $18) 20... g6 (20... Bf8 {best, SF17 despite the tactic} 21. Nh6+ Kh8 22. Nxf7+ Kg8 23. Nh6+ Kh8 24. Rf3 Qd1+ 25. Kh2 Re6 26. Nf7+ Kg8 27. Nxe5 Rae8 28. Nxc4 (28. Bg5 Qxa1 29. Bxf6 Qxa4 30. Rf5 Qc2 31. Qg4 Rxf6 32. Rxf6 Rxe5 33. Rxf8+ Kxf8 34. Qf4+ Kg8 35. Qxe5 Qxf2 36. Qe8+ Qf8 37. Qe6+ Kh8 38. Kg1 (38. Qxc4 Qf4+ 39. Kg1 Qe3+ 40. Kf1 Qc1+ 41. Ke2 Qxb2+ 42. Kf3 h6 $11 {SF17}))) 21. Nxe7+ (21. Nh6+ Kg7 22. Rf3 $18 {SF17} Qd1+ (22... Qxe4 23. Nf5+ {missed} Kh8 (23... Kf8 24. Bh6+) 24. Nxe7) 23. Kh2 Bd8 24. Qh4 Qd7 25. Bg5 Re6 26. g4 Rc8 27. Rg1 Rcc6 28. Nf5+ Kg8 29. Bxf6 Bxf6 30. Nh6+ Kh8 31. g5 Bg7 32. Rxf7 Re7 33. Rxe7 Qxe7 34. Ng4 $18) (21. Qxe5 {considered & pm analysis} Bd8 (21... gxf5 22. Rg3+ Ng4 {SF17} (22... Kh8 23. Bg5 {mating}) 23. Be3 (23. hxg4 Bg5 $11) 23... Qxb2 24. Re1 Bh4 25. Qxf5 Bxg3 26. Qxg4+ Kh8 27. Qxg3 Qxc3 28. Rd1 Rad8 29. Bd4+ Qxd4 30. Rxd4 Rxd4 31. Qc3 Red8 32. e5 Kg7 33. Qe3 $16) 22. Qg3 Qd1+ (22... Rxe4 23. Nh6+ Kg7 24. Qf3 Ra7 25. Ng4 Rxe3 26. Bxe3 Nxg4 27. hxg4 Rd7 28. Qf4 (28. Bd4+ Rxd4 29. cxd4 Qxb2 30. Rf1 Qb4 31. Qd5 Be7 32. Rc1 c3 33. Qc6 Bf6 34. Qxc3 Qxa4 35. Qc4 Qd7 36. d5 b5 $11 {SF17}) 28... Rd1+ 29. Rxd1 Qxd1+ 30. Kh2 Qxa4 31. Qd4+ Bf6 32. Bh6+ Kxh6 33. Qxf6 Qd1 34. Kg3 Qd3+ 35. Kh4 (35. f3 Qe3 36. Qxf7 Qe1+ 37. Kf4 Qd2+ 38. Ke5 Qxg2 $11) 35... Qe4 36. Qxf7 g5+ 37. Kh3 Qf4 38. Qe6+ Kg7 39. Qxb6 a4 40. Qb7+ Kg6 41. Qf3 Qd2 42. Qc6+ Kg7 43. Qxc4 Qxb2 44. Qd4+ $11 {SF17})) 21... Rxe7 $11 22. Qh4 Re6 23. Re1 Nd7 24. Be3 (24. Bh6 $11 Qxb2 25. Rad1 Nf6 (25... Nc5 26. Rd8+) 26. f4 exf4 27. Qxf4 Qa3 28. e5 Qe7 29. Bg5 Nh5 30. Qf3 Qe8 31. g4 Ng7 32. Re2 Qc6 $11 {SF17}) (24. f4 {also considered & pm analysis} exf4 25. Qxf4 Rc8 26. Be3 Qxe4 27. Qh6 Qc6 28. Bd4 f6 29. Rxe6 Qxe6 30. Rd1 Rc6 31. Qh4 $11 {SF17}) 24... Nc5 25. Bxc5 (25. Red1 $11) 25... bxc5 26. Rec1 Qd2 $11 (26... Qxb2 27. Qg5 Qe2 28. Re1 Qd3 29. Qc1 Rb8 30. Re3 Qd6 31. Qf1 Qa6 32. Rd1 $11 {SF17}) 27. Rab1 (27. f3 Rb8 28. Rd1 Qxb2 29. Rab1 Qxb1 30. Rxb1 Rxb1+ 31. Kh2 Rd1 32. Qf2 Ra1 33. Qb2 Rxa4 34. h4 h6 $11 {SF17}) 27... Qf4 28. Qxf4 exf4 29. f3 $11 Rd6 30. Rd1 Rad8 (30... Rd3) 31. Rxd6 Rxd6 32. b3 (32. b4 $11 {nearly played}) (32. Re1 Rd2 33. e5 Rxb2 34. Re4 Rd2 35. Rxc4 Rd1+ 36. Kh2 Rd5 37. Rxf4 Rxe5 38. Rf6 Re3 39. Ra6 $11) 32... cxb3 (32... Rb6 $19 {SF17}) 33. Rxb3 Rd3 34. Rb5 Rxc3 35. Rxa5 Rc2 (35... f6) 36. Ra8+ Kg7 37. Rc8 Ra2 (37... g5) 38. Rxc5 Rxa4 $11 39. h4 h5 40. Rc7 (40. e5 Ra1+ 41. Kh2 Re1 $11) 40... Ra5 (40... Kf6) 41. Kh2 Ra3 (41... Rb5) 42. Rc4 Re3 (42... Kf6) 43. Kg1 Re2 44. Kf1 Rb2 45. e5 g5 (45... Rb5 46. Re4 Kf8 47. e6 fxe6 48. Rxe6 Kg7 49. Re4 Rf5) 46. hxg5 Kg6 47. Rxf4 Rb5 (47... Rb7 48. g3 Re7 49. Re4 Kxg5 $11 {SF17}) 48. Rf6+ $18 Kxg5 49. Rxf7 $2 {a trick too far} (49. f4+ Kg4 50. Rxf7 $18) 49... Rb6 (49... Rxe5 50. f4+ Kg6 51. fxe5 Kxf7 52. Kf2 Ke6 53. Kg3 Kxe5 54. Kh4 Kf4 55. Kxh5 Kg3 $11) 50. f4+ Kg6 51. Rf6+ Rxf6 52. exf6 Kxf6 53. Kf2 h4 54. Ke3 Ke6 55. Ke4 Kf6 56. f5 Kg5 57. Ke5 Kg4 58. f6 Kg3 59. f7 Kxg2 60. f8=Q h3 61. Qg7+ (61. Ke4 h2 62. Qf3+ Kg1 63. Ke3 h1=N 64. Qh3 Nf2 65. Qg3+ Kh1 66. Kf3 Nd3 67. Qg2# {17}) 61... Kh1 (61... Kf3 62. Qg1) 62. Qb7+ (62. Kf4 h2 63. Kg3 Kg1 64. Qa1#) 62... Kg1 63. Kf4 h2 64. Kg3 h1=Q 65. Qb1# 1-0

[Event "South Wales Winter Open"]
[Site "?"]
[Date "2025.01.18"]
[Round "3.15"]
[White "Hancszar, Czege"]
[Black "Van Kemenade, Julie"]
[Result "0-1"]
[Annotator "Van Kemenade,Rudy"]
[WhiteElo "1644"]
[BlackElo "1808"]
[PlyCount "99"]
[GameId "2149921642848364"]
[EventDate "2025.01.21"]

{[%evp 0,99,14,-1,8,0,6,32,6,17,8,6,7,0,10,8,40,9,42,23,40,31,55,49,-37,7,-42,24,56,60,46,35,54,21,117,70,147,177,111,74,130,42,189,67,31,41,43,66,47,51,55,38,217,2,193,91,68,135,218,141,166,183,216,188,113,-42,15,-56,-72,-76,16,5,-7,-36,-136,-181,-114,-275,-67,-256,-204,-249,-275,-267,-277,-277,-301,-320,-132,-240,-221,-103,-235,-337,-330,-327,-385,-343,-419,-439,-428,-161]} 1. a3 e5 (1... e6 2. d4 d5 3. f4 f5 4. Nf3 Nf6 5. g3 Bd6 6. Bg2 Nbd7 7. Ne5 Ne4 {Hanczar-Wagner, WCPL U1850, 2024,0-1}) 2. c4 d6 3. Nc3 Nf6 (3... f5 {main}) 4. g3 c6 (4... g6 {main}) 5. Bg2 Nbd7 (5... Be6 {Cloud Engines} 6. d3 Be7 (6... d5 $11 7. Nf3 d4 8. Nb1 Nbd7 9. e3 c5 (9... dxe3 10. Bxe3 Ng4 $17) 10. Nbd2 Rb8 11. h3 Bd6 (11... dxe3 12. fxe3 e4 $17) 12. Ng5 a6 13. Nxe6 fxe6 14. Qe2 $16 {Mosquera Orjuela-Molina Sanchez, COL U18 ch 2018,1-0}) 7. Nf3 h6 {1-2-1}) 6. d3 Be7 (6... g6) 7. Nf3 (7. e3 Nf8 8. Nge2 Bg4 9. b4 Qd7 10. h3 Bf5 (10... Be6 $11) 11. Ra2 h5 12. e4 Be6 13. f4 $16 {Fongers-Kalinina, EU ch girls U18, 1997,1-0}) 7... Qc7 (7... d5 $11 {Cloud Engines, not yet played}) 8. b4 (8. O-O O-O 9. b4 {3-3-1} a5 $11 {loud Engines, not yet played}) 8... Nf8 {SF17} (8... Rb8 9. Bb2 O-O 10. Rc1 a6 11. O-O Re8 12. Nd2 b6 13. b5 Bb7 $11 {Verlinden-De Cap, Brasschaat op 2004,1-0}) (8... a5) 9. b5 Bd7 (9... Be6 $11) (9... Ng6 $11 {SF17}) 10. a4 Rc8 11. Nd2 Ne6 12. O-O h5 $11 13. h3 (13. h4) 13... Ng5 (13... h4 14. g4 Nf4 $15 {SF17}) 14. h4 Ne6 (14... Nh3+ 15. Kh1 (15. Kh2 Ng4+ $19) 15... g5 16. Nf3 gxh4 17. Nxh4 Qd8 18. Qe1 Ng4 19. Bxh3 Bxh4 20. Kg2 Be7 21. Rh1 h4 22. f3 Nh6 23. e4 Rg8 24. Bxd7+ Kxd7 25. Rh3 (25. g4 f5) 25... Bg5 26. Qf2 $16 {SF17}) 15. Nf3 (15. a5 O-O $14) 15... Ng4 (15... d5 $11 {SF17}) 16. e4 (16. a5 a6 17. b6 Qd8 18. d4 O-O 19. Ba3 exd4 20. Nxd4 Nxd4 21. Qxd4 Be6 22. Rac1 Re8 23. Ne4 d5 24. Bb2 Bf8 25. Ng5 dxc4 26. Qc3 Qe7 27. Be4 Nf6 28. Bb1 Red8 29. Qc2 g6 30. Ba2 Bg7 31. Nxe6 Qxe6 32. Bxc4 Qf5 33. Qxf5 gxf5 34. Rfd1 $16 {SF17}) 16... g5 (16... a6 $11 {SF17}) 17. hxg5 (17. Nxg5 Nxg5 18. Bxg5 Bxg5 19. hxg5 Qd8 20. Qd2 Rg8 21. f3 Qb6+ 22. Kh1 Qe3 23. Qe1 Rh8 24. bxc6 bxc6 25. Nd1 Qd4 26. Rb1 $18 {SF17}) 17... Nf8 (17... Rg8) 18. Nh4 Ne6 19. Nf3 Rg8 20. Nh2 (20. a5 $16 {SF17}) 20... Nxh2 (20... Bxg5 21. Bxg5 Nxg5 22. a5 a6 $11 {SF17}) 21. Kxh2 Bxg5 22. Qxh5 Bf6 (22... Ke7 23. Kg1 Bxc1 24. Raxc1 Rh8 25. Qe2 Rcg8 26. Qe3 Nf4 27. Rfe1 Bh3 $11 {SF17}) 23. Kg1 (23. Qd1 $14) 23... Ke7 (23... Nd4 $17 24. Ra2 Bg4 25. Qh6 Qe7 26. bxc6 bxc6 27. Rb2 Rh8 28. Qe3 Bf3 29. Bxf3 Bg5 30. Qxd4 exd4 31. Bxg5 Qxg5 32. Ne2 Qf6 33. Bg4 Rd8 34. Kg2 d5 $15 {SF17}) 24. Qe2 (24. Qd1) 24... Nd4 (24... Nf4 25. Bxf4 exf4 26. e5 dxe5 27. bxc6 bxc6 28. Ne4 Rg6 29. Rab1 Bg4 30. Bf3 Bh3 31. Bg2 Bg4 $11 {SF17}) 25. Qb2 Bg4 26. f3 (26. Rd1 Bg5 (26... Bxd1 27. Nxd1 Bg5 $15) 27. Bxg5+ Rxg5 28. Rdb1 Rh5 29. f3 Bxf3 $17) 26... Bh5 {the B stays out of the game for a little while now} (26... Be6 $15) (26... Bxf3 $1 $19 27. Qf2 (27. Bxf3 Rxg3+ 28. Bg2 Rcg8 29. Rf2 Qd7 (29... Bh4) 30. Kf1 Qh3 $1 {takes some very difficult seeing this ahead for a human} 31. Ke1 Rxg2 {mating, SF17}) 27... Bh4 28. gxh4 Rxg2+ 29. Qxg2 Bxg2 30. Bg5+ f6 31. Rxf6 Rf8 32. Rxf8+ Kxf8 33. Kxg2 Qa5 34. Rc1 Qb4 $19 {SF17}) 27. Kf2 Rg7 (27... Rg6 $14) 28. Rh1 (28. bxc6 bxc6 29. Rb1 Rcg8 30. Qb7 Qxb7 31. Rxb7+ Ke8 32. Rb8+ Bd8 33. g4 Kd7 34. Rh1 Bg6 35. Rb2 $16 {SF17}) 28... Bg6 (28... Rcg8 29. bxc6 bxc6 30. Rxh5 Rxg3 31. Rh2 Qd7 32. Ne2 Rxg2+ 33. Rxg2 Bh4+ 34. Kf1 Rxg2 35. Kxg2 Nxf3 36. Bf4 exf4 37. Kxf3 Qh3+ 38. Kxf4 Bg5+ 39. Kxg5 Qg2+ {perpetual-SF17}) 29. Bh6 (29. Rb1 $18) 29... Rgg8 30. a5 (30. Bh3 Rce8 31. Rab1 Rb8 32. Be3 Rh8 33. Bxd4 exd4 34. Ne2 a6 35. b6 Qd8 36. Qd2 a5 37. f4 $18 {SF17}) 30... Bg7 31. a6 (31. Be3 {Bl's N is a better pieces than the KB}) 31... Bxh6 32. bxc6 (32. Rxh6 $18) 32... bxc6 $17 33. Rxh6 Rb8 {now Bl has gained the b file that Wh has been aftere all game} 34. Qa2 (34. Qa3 Nc2 35. Qa5 Qxa5 36. Rxa5 Rb3 37. Nd1 Rxd3 $19) 34... Rb6 (34... Rb3 $19 35. Qd2 Qb6 36. Na4 Nxf3+ 37. c5 Nxd2 38. cxb6 axb6 39. Ra2 Nb1 40. Rh1 Ra8 $19 {SF17}) (34... Qb6 $1 35. Na4 Qa5 36. Rhh1 Nb3 37. Rab1 (37. Qc2 Nxa1 38. Rxa1 f6 $19) 37... Nc5 $19 {SF17}) 35. Rhh1 (35. Qd2 $11 Nb3 36. Qg5+ f6 37. Qxg6 Rxg6 38. Rxg6 Nxa1 39. Rg7+ Kd8 40. Rg8+ Kd7 41. Rg7+ $11 {SF17, another ingenious line}) 35... Rgb8 36. Rhb1 (36. Rab1 Rb3 37. Rxb3 Rxb3 38. Qd2 Qb6 39. Qg5+ f6 40. Qxg6 Nc2+ 41. Kf1 Ne3+ 42. Ke1 {other moves lead to mate} Nxg2+ 43. Kf1 Ne3+ 44. Ke1 Ng2+ $11 {SF17}) 36... Nb3 $17 37. c5 (37. Na4 Rb4 38. Qa3 Qa5 39. Ra2 Nc5 40. Rxb4 Rxb4 41. Nxc5 Qxc5+ 42. Ke2 Qg1 43. Qxb4 Qxg2+ 44. Ke3 Qxa2 45. Qb7+ Kf6 46. Qxa7 Qb1 47. Ke2 Qc2+ 48. Ke3 Qd1 49. Kf2 Qd2+ 50. Kg1 Kg7 51. Qf2 Qxd3 52. a7 Qa3 53. g4 c5 $19 {SF17}) 37... Nxc5 $19 {preferring to leave the Bl K a little safer} (37... dxc5 38. Qa3 Qd6 39. Na4 Qd4+ 40. Ke2 Rb4 41. Ra2 f6 $19 {SF17}) 38. Rxb6 Rxb6 (38... Qxb6 39. Kf1 Nxd3 $19 {SF17}) 39. Ke3 Rxa6 40. Qb2 Rxa1 41. Qxa1 Qb6 42. Ke2 Nb3 43. Qd1 Nd4+ (43... Qb4 44. Nb1 a5 {also}) 44. Kf1 a5 (44... Qb2) 45. f4 Qb4 46. Na4 f6 47. fxe5 dxe5 48. Kg1 Bf7 {the Bl B returns while Wh's is cut off by its own pawns} 49. Qa1 Nc2 50. Qb2 0-1

[Event "South Wales Winter Open"]
[Site "?"]
[Date "2025.01.19"]
[Round "4.7"]
[White "Kong, Emma Zihan"]
[Black "Van Kemenade, R.udy"]
[Result "0-1"]
[Annotator "Van Kemenade,Rudy"]
[WhiteElo "1772"]
[BlackElo "1940"]
[PlyCount "100"]
[GameId "2149921642852461"]
[EventDate "2025.01.21"]

{[%evp 0,21,15,23,31,25,51,67,58,55,49,141,85,34,60,13,43,27,24,24,25,43,20,38]} 1. d4 d6 2. Nf3 (2. c4 e5 3. dxe5 dxe5 4. Qxd8+ Kxd8 5. e4 Nc6 6. a3 Nd4 {Kong-Mirzoeva, UK ch blitz, Leamington Spa 2023,0-1}) 2... f5 3. c4 Nf6 4. Nc3 g6 5. g3 Bg7 6. Bg2 O-O 7. O-O Qe8 8. e4 {desirable positionally, but too early} fxe4 9. Ng5 Bg4 (9... Nc6 10. Be3 e5 11. d5 Ne7 {3 draws,5 Bl wins}) 10. Qb3 Nc6 11. Be3 h6 {main, but can be risky} (11... Na5 {SF17 & Marin 2021:37, considered} 12. Qb4 b6 $11) 12. Ngxe4 Nxe4 13. Nxe4 (13. Bxe4 {Cloud Engines} Bf3 (13... Nxd4 $6 14. Bxd4 Bxd4 15. Qxb7 (15. Nb5 c5 (15... Bb6 16. c5+ $18) 16. Nxd4 (16. Nc7 Qd7 17. Nxa8 Rxa8 18. Bxg6 $16) 16... cxd4 17. Qxb7 Rc8 18. Qxa7 $16) 15... Bxc3 (15... c6 $11) 16. Qxa8 (16. bxc3) 16... Qxa8 17. Bxa8 Bxb2 18. Rab1 Bd4 $17 {Alaev-Shkliar, Kharkov op 2004,1-0}) 14. Bxf3 Rxf3 15. Kg2 Rf8 16. Rad1 Qf7 $11 {Krasiewicz-Kuziola, POL ch tm 2006,0-1}) 13... Nxd4 14. Qxb7 (14. Bxd4 Bxd4 15. Qxb7 c5 $17 {1-1 in titled Tuesday encounters, winners higher rated}) 14... Nf3+ (14... Qb8 {Cloud Engines} 15. Qa6 (15. Qxb8 Raxb8 16. Rab1 Be2 17. Rfe1 Bxc4 $19) 15... Nc2 16. Rab1 Be2 17. Nd2 Nxe3 18. Rfe1 Nxg2 19. Rxe2 Nf4 20. gxf4 Rxf4 $17 {SF17}) 15. Kh1 Qd7 $17 (15... c5 16. h3 Bd7 17. Nxd6 (17. Qd5+ $11) 17... exd6 18. Bxf3 Rxf3 19. Qxf3 Bc6 {Krasnov-Manvelyan, San Francisco TNM op Summer 2013,0-1}) 16. Nd2 Rab8 17. Qd5+ (17. Qxa7 Nxd2 18. Bxd2 Rxb2 19. Qe3 Bh3 $17) 17... Be6 (17... e6 {considered, but it might leave the QB loose} 18. Qd3 Nxd2 19. Qxd2 (19. Bxd2 Bf5 20. Qe2 Rxb2 21. g4 Bxg4 22. Qxg4 Rxd2 23. Qxg6 Qf7) 19... Rxb2 $19) 18. Qd3 Nxd2 (18... Ne5 19. Qc2 Bf5 20. Ne4 Ng4 21. Rab1 Nxe3 22. fxe3 c6 $19 {SF17}) 19. Bxd2 Rxb2 $19 20. Rae1 Bf5 21. Qe3 Rxa2 22. Bc3 Ra3 23. Rc1 Rxc3 (23... Bh3 24. Qd2 Bxg2+ 25. Kxg2 Qc6+ 26. Kg1 Rxc3 27. Rxc3 Bxc3 28. Qxc3 Qc5 $19 {SF17}) 24. Rxc3 Bxc3 25. Qxc3 Bh3 (25... h5 26. Kg1 Rb8 {SF17}) 26. Qe3 Bxg2+ 27. Kxg2 Kg7 28. Re1 (28. c5 Qc6+ 29. f3 Qxc5 30. Qxe7+ (30. Qxc5 dxc5 31. Ra1 (31. Rc1 a5 32. Rxc5 Ra8 33. Rxc7 Kf6) 31... Ra8 32. Ra6 c4 33. Kf2 c3 34. Ke2 c2 35. Kd2 Rf8 36. f4 Rf6 37. Rxa7 Rc6 38. Kc1 Rc5 $19) 30... Rf7 $19 {SF17}) 28... Qc6+ 29. Kg1 Qxc4 (29... e5 {original idea} 30. c5 Rf3 (30... Qxc5 31. Qxc5 dxc5 32. Rxe5 Ra8 33. Rxc5 a5 34. Rxc7+ Kf6 $19) 31. Qc1 Rf7 32. Qa3 h5 33. Qxa7 h4 $19 {SF17}) 30. Qxa7 (30. Rc1 {seen by Bl after moving} Qf7 31. Rxc7 Re8 32. Rxa7 $11 {but there is a lot of play left, the Engine of course can defend perfectly}) 30... e5 $19 31. Rd1 Rf7 (31... Qc2 32. Rf1 h5) 32. Qe3 Qc2 (32... h5) 33. Rc1 Qf5 {Bl needs to find a way of advancing the centre pawns without exposing the K} 34. Qd2 c5 35. Rf1 (35. Qxd6 Qxf2+ 36. Kh1 Qf3+ 37. Kg1 Qe3+) 35... Rd7 36. Qc3 Qe4 (36... Qe6) (36... h5) 37. Rd1 Rb7 (37... Kh7 {avoids f4, but this move also exposes the Wh K}) 38. f4 Rb1 39. Rxb1 Qxb1+ 40. Kf2 Qe4 (40... Qb4 41. Qf3 (41. Qa1 Qd4+) 41... exf4 (41... Qd2+ 42. Kg1 exf4 43. gxf4 h5) 42. gxf4 Qd4+ 43. Ke2 h5 $19 {SF17}) 41. fxe5 Qxe5 42. Qa5 Qe7 (42... c4 43. Qa7+ Kf6 44. Qa8 h5 45. Qd8+ Kf5 46. Qd7+ Ke4 47. Qb7+ Kd3 48. Qb1+ Kc3 49. Qa1+ Kb3 50. Qd1+ Ka3 {SF17- but needs careful calculation to ensure that Wh does not have a perpetual}) 43. Kg2 d5 (43... Qe2+ 44. Kg1 (44. Kh3 Qf1+ 45. Kh4 g5+ 46. Kg4 Kg6 47. h4 h5#) 44... Qd3 45. Qc7+ Kf6 46. Qd8+ Ke5 47. Qe7+ Kd5 48. Qf7+ Kd4 49. Qf4+ Kc3 50. Qc1+ Kb4 51. Qb2+ Ka4 52. Qa2+ Kb5 53. Qb2+ Kc6 54. Qg2+ Kc7 {another Engine journey}) 44. Qa2 c4 (44... Qe4+ 45. Kf2 Qd4+ 46. Kg2 c4) 45. Qb2+ Kh7 46. Qd4 (46. Qc3 h5 47. h3 Qe4+ 48. Kh2 Qd3 49. Qf6 Qf5 50. Qf7+ (50. Qe7+ Kh6 51. Qe3+ Kg7 52. Qe7+ Qf7 53. Qe5+ Kh7 54. Kg2 Qd7 55. Qd4 Qc7 56. Qc3 d4 (56... Qg7 57. Qa5 c3) 57. Qxd4 c3 58. Qd1 c2 59. Qc1 Qc3 60. Kf2 Qd3 61. Qb2 Qd2+ 62. Kf3 c1=Q)) 46... Qe4+ 47. Qxe4 dxe4 48. Kf2 {Wh had calculated on stopping the pawns, but one space apart they can protect each other} c3 49. Ke2 Kg7 50. Kd1 e3 0-1